| 000 | 00676nam a22002177a 4500 | ||
|---|---|---|---|
| 003 | NALT | ||
| 005 | 20250127142710.0 | ||
| 008 | s2014 eng d | ||
| 020 | _a9780521842310 | ||
| 040 | _aNALT | ||
| 041 | _aeng | ||
| 090 |
_aKF 508 _bD76U 2014 |
||
| 100 | 1 |
_aDromgoole, Sarah _934608 |
|
| 245 | 1 | 0 |
_aUnderwater cultural heritage and international law / _cSarah Dromgoole. |
| 260 |
_aCambridge : _bCambridge University Press, _c2014. |
||
| 300 |
_a400 p. ; _b _c23 cm. |
||
| 650 | 0 |
_aCultural property _934610 _xProtection (International law) |
|
| 650 | 0 |
_aUnderwater archaeology _934612 _xLaw and legislation |
|
| 850 | _aNALT | ||
| 942 |
_cLB _2local |
||
| 999 |
_c73729 _d73729 |
||
| 998 |
_j104 _k นางสาวสายฝน ดีงาม |
||